000
00324nam a2200145Ia 4500
003
OSt
008
191201s2016 xx 000 0 und d
082
_a
006.31
_b
LEM
100
_a
LESKOVEC, Jure
245
0
_a
Mining of Massive Datasets
260
_b
Wiley
_c
2016
300
_a
467
650
_a
B.Tech(IT)
942
_2
ddc
_c
BK
999
_c
7054
_d
7054